La obra de Paul Claudel
Saved in:
| Hovedforfatter: | |
|---|---|
| Format: | Bog |
| Sprog: | spansk |
| Udgivet: |
Buenos Aires
Excelsa
1949
|
| Serier: | Colección Esquiú, 9
|
| Fag: | |
| Tags: |
Tilføj Tag
Ingen Tags, Vær først til at tagge denne postø!
|
MARC
| LEADER | 00000nam a2200000 a 4500 | ||
|---|---|---|---|
| 001 | UCT5570 | ||
| 003 | CL-VaPUC | ||
| 008 | 961216e19490000AG |||||||||||||||||spa|d | ||
| 082 | 0 | 4 | |a 841.09 |b TOM |2 21 |
| 100 | 0 | |a Tonquedec, José de |e author |9 375122 | |
| 245 | 1 | 3 | |a La obra de Paul Claudel |
| 300 | |a 185 p | ||
| 942 | |c BK | ||
| 945 | |d 19961216 00:00:00 |a nastorga | ||
| 260 | |a Buenos Aires |b Excelsa |c 1949 | ||
| 600 | 0 | 7 | |a CLAUDEL, PAUL |2 CL-VaPUC |9 333185 |
| 650 | 0 | |a Poesías francesas |9 265467 | |
| 650 | 0 | |a Crítica e interpretación |9 255042 | |
| 650 | 0 | |a Vida y obra |9 311871 | |
| 583 | |a last modification |c 19961216 00:00:00 |k Rodrigo Vera | ||
| 490 | 0 | |a Colección Esquiú, 9 | |
| 999 | |c 254473 |d 254471 | ||
| 952 | |0 0 |1 0 |4 0 |6 841_090000000000000_TOM_1949 |7 0 |8 A |9 276170 |a BIBEDU |b BIBEDU |d 2019-11-19 |i 3259420 |o 841.09 TOM 1949 |p 3259420 |r 2019-11-19 |w 2019-11-19 |y BK |k LIT | ||